Economic Peformance Estimation of the Visegrad Group Countries

Návrh gap modelu na odhad ekonomickej výkonnosti Vyšehradskej skupiny na základe behaviorálnych rovníc a kľúčových makroekonomických premenných (agregovaný dopyt, agregovaná ponuka, úrokové sadzby, výmenné kurzy a nezamestnanosť; pre Slovensko obohatený aj o fiškálny blok).

Gespeichert in:
Bibliographische Detailangaben
1. Verfasser: Barteková, Mária, 1992-
Weitere Verfasser: Šlahor, Ľudomír
Format: Buchkapitel
Sprache:Englisch
Schlagworte:
Tags: Tag hinzufügen
Keine Tags, Fügen Sie das erste Tag hinzu!

MARC

LEADER 00000naa$a2200000$$$4500
001 0248647
005 20240502083706.4
041 0 |a eng 
044 |a HR 
245 1 0 |a Economic Peformance Estimation of the Visegrad Group Countries  |c Maria Bartekova, Ludomir Slahor 
520 |a Návrh gap modelu na odhad ekonomickej výkonnosti Vyšehradskej skupiny na základe behaviorálnych rovníc a kľúčových makroekonomických premenných (agregovaný dopyt, agregovaná ponuka, úrokové sadzby, výmenné kurzy a nezamestnanosť; pre Slovensko obohatený aj o fiškálny blok). 
610 2 0 |a výkonnosť ekonomiky 
610 2 0 |a rozvoj regionálny 
610 2 0 |a prognózy 
610 2 0 |a prognózovanie 
610 2 0 |a modely 
610 2 0 |a Vyšehradská štvorka 
610 2 0 |a Slovensko 
610 2 0 |a Česko 
610 2 0 |a Maďarsko 
610 2 0 |a Poľsko 
100 1 |a Barteková, Mária, 1992- 
700 1 |a Šlahor, Ľudomír